| 000 | 00742nam a2200205 a 4500 | ||
|---|---|---|---|
| 003 | 0 | ||
| 005 | 20250312081429.0 | ||
| 008 | 080724s19uu xx 00 eng d | ||
| 050 |
_aPGS BF 723.S3 _b.P984 2008 |
||
| 100 | _aPunzalan, Jynnette A. | ||
| 245 |
_aSelf-esteem of students in grade 6 / _cJynnette A. Punzalan. |
||
| 260 |
_aLas PiƱas City, Philippines : _bSouthville International School and Colleges, _c2008. |
||
| 300 |
_a24 pages : _billustrations ; _c28 cm. |
||
| 504 | _aIncludes bibliographical references. | ||
| 650 | _aSelf-esteem in children. | ||
| 650 | _aSelf-perception in children. | ||
| 650 |
_aChildren of single parents _vPsychology. |
||
| 650 |
_aParenting _vPsychological aspects. |
||
| 942 |
_2lcc _cPASS |
||
| 999 |
_c97927 _d97927 |
||